000 01102cam a22003377a 4500
003 CHAP
005 20220329140409.0
008 971013s1974 r 00010 d
010 _a51411
011 _a52383
035 _a56533
040 _cCHAP
090 _aTesis
100 0 0 _aFernández Espinoza, José.
_940174
245 0 _aPosibilidad de industrialización rural con el aceite de cártamo en México
260 _aMéxico, D. F. :
_bEl autor,
_c1974
300 _a153 h.
_b: ilus.
502 _aTesis (Lic. en Economía) -- UNAM. Escuela Nacional de Economía
590 _aALEPH
_b10
_c20130110
_lUCH01
_h1327
590 _aBATCH-UPD
_b10
_c20130110
_lUCH01
_h0546
590 _aBATCH-UPD
_b10
_c20130110
_lUCH01
_h2327
590 _aBATCH-UPD
_b10
_c20130410
_lUCH01
_h0227
590 _aBATCH-UPD
_b10
_c20130914
_lUCH01
_h0507
590 _aCONVERSION
_b10
_c20130109
_lUCH01
_h1328
650 1 4 _aAceite de azafrancillo.
_9424
650 1 4 _aAzafrancillo.
_99048
650 1 4 _aDesarrollo rural.
_932067
901 _aBK
942 _cTESIS
949 _bBC
_cTES
_d565331
_eTS1
_h17903
_i56533
_sb
999 _c51411
_d51411